000 01040nam a2200265Ia 4500
003 GCL
008 140319s9999 xx 000 0 ara d
020 _a7328200977
040 _aGCL /
_cGCL
082 0 4 _a362.2
_bز ن
100 1 _aزينب محمود شقير
245 1 0 _aنداء من الابن المعاق :
_bعضويا - سلوكيا - حركيا - تعليميا التوحدى /
_cزينب محمود شقير
250 _aالثانية
260 _aالقاهرة :
_bمكتبة النهضة المصرية ،
_c2004
300 _a333 ص ؛
_c28 سم
490 _aسلسلة سيكولوجية الفئات الخاصة والمعوقين
_v0
650 0 4 _aالتخلف العقلى
650 0 4 _aالاطفال بطيئو التعلم
650 0 4 _aالاطفال - العناية الصحية
650 0 4 _aالاطفال - امراض
650 0 4 _aالاطفال - رعاية ذهنية
650 0 4 _aالاطفال المعوقون
650 0 4 _aالطلبة ضعاف العقول
942 _2ddc
_cBK
999 _c50865
_d50865